000 00629nam a22001817a 4500
005 20180426102117.0
010 _aENG-122669
020 _a9789386582300
_c350.00
035 _aEN-106201
037 _bDBAD/PUB
082 _a915.4504
100 _aYadav, Anil
245 _aIs that even a country, sir!:
_cby Anil Yadav [and] translated by Anurag Basnet
_bjourneys in northeast india by train, bus and tractor /
260 _aNew Delhi
_bSpeaking Tiger Publications
_c2016
270 _a4381/4, Ansari Road, Daryaganj,
_bNew Delhi
_e110002
300 _a247p.
_c21cm(pbk)
942 _2ddc
_cEN
_mYAD
_h915.4504
999 _c151762
_d151762